S.R. Goyal his multidimensional historiography / (Record no. 23915)

MARC details
000 -LEADER
fixed length control field 01097nam a2200325 a 4500
001 - CONTROL NUMBER
control field 2046710
003 - CONTROL NUMBER IDENTIFIER
control field BDDh-ASL
005 - DATE AND TIME OF LATEST TRANSACTION
control field 20231015030314.0
008 - FIXED-LENGTH DATA ELEMENTS--GENERAL INFORMATION
fixed length control field 920515s1992 ii b 010 0 eng
010 ## - LIBRARY OF CONGRESS CONTROL NUMBER
LC control number 92900539
020 ## - INTERNATIONAL STANDARD BOOK NUMBER
International Standard Book Number 8185179778 :
Terms of availability Rs200.00
025 ## - OVERSEAS ACQUISITION NUMBER
Overseas acquisition number I-E-67199
040 ## - CATALOGING SOURCE
Original cataloging agency DLC
Transcribing agency DLC
Modifying agency DLC
-- BDDh-ASL
043 ## - GEOGRAPHIC AREA CODE
Geographic area code a-ii---
050 00 - LIBRARY OF CONGRESS CALL NUMBER
Classification number DS451
Item number .S16 1992
082 ## - DEWEY DECIMAL CLASSIFICATION NUMBER
Classification number 923.54
Item number GOY
245 00 - TITLE STATEMENT
Title S.R. Goyal his multidimensional historiography /
Statement of responsibility, etc. editors, Jagannath Agrawal, Shankar Goyal.
250 ## - EDITION STATEMENT
Edition statement 1st ed.
260 ## - PUBLICATION, DISTRIBUTION, ETC.
Place of publication, distribution, etc. New Delhi :
Name of publisher, distributor, etc. Aditya Prakashan,
Date of publication, distribution, etc. 1992.
300 ## - PHYSICAL DESCRIPTION
Extent 222 p. :
Dimensions 23 cm.
500 ## - GENERAL NOTE
General note Festschrift honoring Śrīrāma Goyala, historian; comprises contributed research papers.
504 ## - BIBLIOGRAPHY, ETC. NOTE
Bibliography, etc. note Includes bibliographical references.
600 10 - SUBJECT ADDED ENTRY--PERSONAL NAME
Personal name Goyala, Śrīrāma.
651 #0 - SUBJECT ADDED ENTRY--GEOGRAPHIC NAME
Geographic name India
General subdivision History
Chronological subdivision 324 B.C.-1000 A.D.
General subdivision Historiography.
700 1# - ADDED ENTRY--PERSONAL NAME
Personal name Agrawal, Jagannath,
Dates associated with a name 1905-
700 1# - ADDED ENTRY--PERSONAL NAME
Personal name Goyal, Shankar,
Dates associated with a name 1959-
906 ## - LOCAL DATA ELEMENT F, LDF (RLIN)
a 7
b cbc
c orignew
d 3
e ncip
f 19
g y-gencatlg
942 ## - ADDED ENTRY ELEMENTS (KOHA)
Source of classification or shelving scheme Dewey Decimal Classification
Koha item type Books
Holdings
Withdrawn status Lost status Source of classification or shelving scheme Damaged status Not for loan Collection code Home library Current library Shelving location Date acquired Source of acquisition Total Checkouts Full call number Barcode Date last seen Copy number Price effective from Koha item type Public note
    Dewey Decimal Classification     Non-fiction Asiatic Society Library Asiatic Society Library General Stacks 04/07/2021 ASB Library Collections   923.54 GOY 108481 04/07/2021 C-1 04/07/2021 Books Rare

Powered by Koha